00663 2200253 4500001002100000005001700021008004100038020002200079035002500101040001200126082000800138084001400146100000900160245007300169250001100242260003100253300002200284500003100306650001400337700000900351700001600360850001200376990002100388INLIS00000000001954520160428121515.0  a978-602-7640-53-5 a0010-041600000000549 aYOPDYOG a613 a613 Fid P aFIDA aPengantar ilmu kesehatan anakc/ Fida dan Maya ; editor Virsya Hany. aCet.1. aYogyakartabD-Medikac2012 a452 hlm.c; 20 cm aBibliografi : hlm. 451-452 aKesehatan aMaya aVirsya Hany aYOPDYOG a1186-RBM/PD.A.16